Undergraduate analysis / (Record no. 30178)

000 -LEADER
fixed length control field 00614 a2200193 4500
020 ## - INTERNATIONAL STANDARD BOOK NUMBER
International Standard Book Number 0387948414
020 ## - INTERNATIONAL STANDARD BOOK NUMBER
International Standard Book Number 9780387948416
082 04 - DEWEY DECIMAL CLASSIFICATION NUMBER
Classification number 515.8
090 ## - LOCALLY ASSIGNED LC-TYPE CALL NUMBER (OCLC); LOCAL CALL NUMBER (RLIN)
-- 1568
-- 1568
100 1# - MAIN ENTRY--PERSONAL NAME
Personal name Lang, Serge.
245 10 - TITLE STATEMENT
Title Undergraduate analysis /
Statement of responsibility, etc. Serge Lang.
250 ## - EDITION STATEMENT
Edition statement 2nd ed.
260 ## - PUBLICATION, DISTRIBUTION, ETC.
Place of publication, distribution, etc. [S.l.] :
Name of publisher, distributor, etc. Springer,
Date of publication, distribution, etc. 1996.
300 ## - PHYSICAL DESCRIPTION
Extent 683 p. ;
Dimensions 24 cm.
490 1# - SERIES STATEMENT
Series statement Undergraduate texts in mathematics.
830 ## - SERIES ADDED ENTRY--UNIFORM TITLE
Uniform title Undergraduate texts in mathematics
942 ## - ADDED ENTRY ELEMENTS (KOHA)
Institution code [OBSOLETE] SNS
Koha item type Book
Call number prefix 515.8 LAN
Holdings
Withdrawn status Lost status Damaged status Not for loan Permanent Location Current Location Date acquired Total Checkouts Full call number Barcode Date last seen Date last checked out Price effective from Koha item type
        School of Natural Sciences (SNS) School of Natural Sciences (SNS) 05/26/2016 3 515.8 LAN SNS0000683 06/30/2022 09/29/2021 05/26/2016 Book
© 2023 Central Library, National University of Sciences and Technology. All Rights Reserved.